[Event "53rd POL-ch"]
[Site "Brzeg Dolny POL"]
[Date "1996.03.??"]
[Round "1"]
[White "Czerwonski, Aleksander"]
[Black "Oliwa, Marek"]
[Result "1-0"]
[WhiteElo "2400"]
[BlackElo "2440"]
[EventDate "1996.03.09"]
[PlyCount "147"]

1.d4 Nf6 2.c4 c5 3.d5 e5 4.Nc3 d6 5.e4 Be7 6.Nf3 O-O 7.Be2 Ne8 8.O-O g6 9.
Ne1 Bg5 10.Nd3 Nd7 11.a3 Bxc1 12.Qxc1 f5 13.f4 Qe7 14.exf5 e4 15.f6 Ndxf6 
16.Ne1 Ng7 17.Nc2 Bd7 18.Qd2 Rae8 19.Rae1 e3 20.Qd1 Ne4 21.Nxe4 Qxe4 22.
Bd3 Bg4 23.Bxe4 Bxd1 24.Bd3 e2 25.Rf3 Nf5 26.Bxf5 gxf5 27.Ne3 Re4 28.Kf2 
Kg7 29.Nxd1 exd1=Q 30.Rxd1 Rxc4 31.Re1 Rd4 32.Rg3+ Kf7 33.Rh3 Rh8 34.Rhe3 
Rxf4+ 35.Kg3 Re4 36.Rxe4 fxe4 37.Rxe4 Rg8+ 38.Kf3 Rg5 39.Rf4+ Ke7 40.Rh4 
h5 41.g4 Rxd5 42.gxh5 Kf7 43.h6 Kg8 44.Rg4+ Kh8 45.Rg7 Rd3+ 46.Ke4 Rb3 47.
Rg2 a6 48.Kd5 Rd3+ 49.Kc4 Rd4+ 50.Kc3 b5 51.Rg7 a5 52.Ra7 b4+ 53.Kb3 c4+ 
54.Kc2 Rh4 55.Rxa5 Rxh2+ 56.Kc1 Rh1+ 57.Kd2 b3 58.Rd5 Rh2+ 59.Kc3 Rc2+ 60.
Kb4 Rxb2 61.Kxc4 Rb1 62.Rxd6 Kh7 63.Kc3 Kh8 64.Rb6 Rh1 65.Kb2 Kh7 66.a4 
Rh3 67.Rc6 Rf3 68.Rb6 Re3 69.a5 Re5 70.a6 Ra5 71.Kxb3 Ra1 72.Kb4 Rb1+ 73.
Kc5 Rc1+ 74.Kb5 1-0

[Event "53rd POL-ch"]
[Site "Brzeg Dolny POL"]
[Date "1996.03.??"]
[Round "1"]
[White "Grabarczyk, Bogdan"]
[Black "Kaminski, Marcin"]
[Result "1-0"]
[WhiteElo "2420"]
[BlackElo "2525"]
[EventDate "1996.03.09"]
[PlyCount "81"]

1.e4 e6 2.d4 d5 3.Nc3 Nf6 4.Bg5 dxe4 5.Nxe4 Nbd7 6.Nf3 h6 7.Nxf6+ Nxf6 8.
Bf4 c5 9.dxc5 Qxd1+ 10.Rxd1 Bxc5 11.Ne5 Nd5 12.Bg3 a6 13.a3 h5 14.h4 O-O 
15.c4 Ne7 16.Be2 g6 17.b4 Ba7 18.Nd7 Bxd7 19.Rxd7 Nf5 20.c5 a5 21.Be5 f6 
22.Bc3 Rf7 23.Rxf7 Kxf7 24.Bf3 Rb8 25.Ke2 e5 26.Be4 Ke7 27.g4 Nd4+ 28.Bxd4
exd4 29.gxh5 gxh5 30.Rg1 f5 31.Bxf5 Kf6 32.Be4 b6 33.c6 Re8 34.Kd3 Bb8 35.
Rg6+ Ke5 36.Rg5+ Kf4 37.f3 axb4 38.axb4 Re5 39.Rg8 Bd6 40.Rd8 Re6 41.Rxd6 
1-0

[Event "53rd POL-ch"]
[Site "Brzeg Dolny POL"]
[Date "1996.03.??"]
[Round "1"]
[White "Kempinski, Robert"]
[Black "Urban, Klaudiusz"]
[Result "1/2-1/2"]
[WhiteElo "2475"]
[BlackElo "2440"]
[EventDate "1996.03.09"]
[PlyCount "62"]

1.Nf3 g6 2.c4 Bg7 3.Nc3 c5 4.g3 b6 5.Bg2 Bb7 6.O-O d6 7.d3 Nf6 8.e4 O-O 9.
Bg5 h6 10.Bd2 Nc6 11.a3 e6 12.Qc1 Kh7 13.Rb1 d5 14.exd5 exd5 15.Nxd5 Nxd5 
16.cxd5 Ne7 17.d6 Nd5 18.Bf4 Nxf4 19.Qxf4 Qf6 20.Qxf6 Bxf6 21.Nd2 Bxg2 22.
Kxg2 Rad8 23.Nc4 b5 24.Nd2 Bd4 25.Ne4 f5 26.Nc3 a6 27.Rfe1 Rxd6 28.Re7+ 
Kg8 29.Ne2 Rf7 30.Re8+ Rf8 31.Re7 Rf7 1/2-1/2

[Event "53rd POL-ch"]
[Site "Brzeg Dolny POL"]
[Date "1996.03.??"]
[Round "1"]
[White "Kuczynski, Robert"]
[Black "Grabarczyk, Miroslaw"]
[Result "1/2-1/2"]
[WhiteElo "2495"]
[BlackElo "2505"]
[EventDate "1996.03.09"]
[PlyCount "60"]

1.e4 c6 2.d4 d5 3.Nd2 dxe4 4.Nxe4 Bf5 5.Ng3 Bg6 6.h4 h6 7.Nf3 Nf6 8.h5 Bh7
9.Bd3 Bxd3 10.Qxd3 e6 11.Bd2 Be7 12.O-O-O O-O 13.Kb1 Nbd7 14.Qe2 c5 15.Bc1
Rc8 16.dxc5 Qc7 17.Ne4 Nxe4 18.Qxe4 Nf6 19.Qe2 Bxc5 20.Ne1 Nd5 21.c4 Nb4 
22.Nd3 Nxd3 23.Rxd3 Be7 24.b3 Bf6 25.Rhd1 Rfd8 26.Rxd8+ Rxd8 27.Rxd8+ Qxd8
28.Bb2 Bxb2 29.Kxb2 Qd4+ 30.Kc2 a5 1/2-1/2

[Event "53rd POL-ch"]
[Site "Brzeg Dolny POL"]
[Date "1996.03.??"]
[Round "1"]
[White "Matlak, Marek"]
[Black "Bobras, Piotr"]
[Result "1/2-1/2"]
[WhiteElo "2450"]
[BlackElo "2355"]
[EventDate "1996.03.09"]
[PlyCount "64"]

1.d4 Nf6 2.Nf3 e6 3.e3 b6 4.Bd3 Bb7 5.O-O d5 6.b3 Nbd7 7.Bb2 Bd6 8.Nbd2 
O-O 9.Ne5 Ne4 10.f3 Nxd2 11.Qxd2 Nxe5 12.dxe5 Be7 13.Qe2 f5 14.f4 c5 15.c4
Qc7 16.Rad1 Rfd8 17.cxd5 Bxd5 18.e4 fxe4 19.Bxe4 Bxe4 20.Qxe4 Rxd1 21.Rxd1
Rd8 22.Rd3 b5 23.Bc3 Rxd3 24.Qxd3 Qc6 25.Kf2 c4 26.bxc4 bxc4 27.Qf3 Qa4 
28.Kg3 g6 29.Qe2 Qc6 30.Qf3 Qa4 31.Qe2 Qc6 32.Qf3 Qa4 1/2-1/2

[Event "53rd POL-ch"]
[Site "Brzeg Dolny POL"]
[Date "1996.03.??"]
[Round "1"]
[White "Socko, Bartosz"]
[Black "Markowski, Tomasz"]
[Result "0-1"]
[WhiteElo "2455"]
[BlackElo "2535"]
[EventDate "1996.03.09"]
[PlyCount "82"]

1.e4 d6 2.d4 Nf6 3.Nc3 g6 4.f3 c6 5.Be3 b5 6.Qd2 Nbd7 7.g4 Qa5 8.g5 Nh5 9.
Nge2 Nb6 10.b3 e5 11.Bg2 Be7 12.O-O b4 13.Nd1 Ba6 14.c4 bxc3 15.Ndxc3 c5 
16.dxc5 dxc5 17.Rfd1 Rd8 18.Qb2 O-O 19.Bd2 c4 20.Nd5 Qa3 21.Nxe7+ Qxe7 22.
Nc3 Rd3 23.Kh1 Rfd8 24.Qc2 Nf4 25.Bxf4 exf4 26.bxc4 Bxc4 27.Na4 Rxd1+ 28.
Rxd1 Bxa2 29.Nxb6 axb6 30.Rxd8+ Qxd8 31.Bh3 Qa8 32.Bd7 Qa5 33.Ba4 Be6 34.
Bb3 Qc5 35.Qxc5 bxc5 36.Bc2 Kf8 37.Kg2 Ke7 38.Kf2 Kd6 39.Ke2 Bc4+ 40.Kd2 
Ke5 41.Ba4 Kd4 0-1

[Event "53rd POL-ch"]
[Site "Brzeg Dolny POL"]
[Date "1996.03.??"]
[Round "2"]
[White "Grabarczyk, Miroslaw"]
[Black "Gdanski, Jacek"]
[Result "1/2-1/2"]
[WhiteElo "2505"]
[BlackElo "2480"]
[EventDate "1996.03.09"]
[PlyCount "114"]

1.d4 Nf6 2.c4 g6 3.Nc3 Bg7 4.Nf3 O-O 5.e4 d6 6.h3 e5 7.d5 a5 8.Be3 Na6 9.
Nd2 Qe8 10.g4 Nd7 11.Rg1 Ndc5 12.Nb3 Nxb3 13.axb3 b6 14.Qd2 Bd7 15.Bd3 Qe7
16.Rg3 Bf6 17.Bh6 Rfb8 18.Be3 Bh4 19.Rg1 f6 20.Kf1 Bg5 21.Kg2 Nc5 22.Bc2 
Kh8 23.Kh2 Rf8 24.Raf1 Rf7 25.Qe2 Bf4+ 26.Kh1 g5 27.Kg2 h5 28.f3 Rh7 29.
Rh1 Kg7 30.Nd1 Rah8 31.Nf2 Kf8 32.Ra1 hxg4 33.fxg4 Rh4 34.Bxc5 dxc5 35.Bd1
Qg7 36.Qd3 Ke7 37.Bf3 Kd6 38.Qc3 R4h7 39.Qe1 Qh6 40.Nd3 Qh4 41.Qxh4 Rxh4 
42.Nf2 Be3 43.Nd1 Bd4 44.Nc3 c6 45.Be2 R4h6 46.Ra2 Be8 47.Bf3 R8h7 48.Kg3 
Ra7 49.Rd1 Kc7 50.Rda1 Rh8 51.Be2 Kd6 52.Rf1 Rh6 53.Bf3 Rah7 54.Bg2 Be3 
55.Rh1 Ra7 56.Rf1 Bd4 57.Bf3 Rah7 1/2-1/2

[Event "53rd POL-ch"]
[Site "Brzeg Dolny POL"]
[Date "1996.03.??"]
[Round "2"]
[White "Kaminski, Marcin"]
[Black "Matlak, Marek"]
[Result "1/2-1/2"]
[WhiteElo "2525"]
[BlackElo "2450"]
[EventDate "1996.03.09"]
[PlyCount "49"]

1.e4 e6 2.d4 d5 3.Nc3 Bb4 4.e5 c5 5.a3 Bxc3+ 6.bxc3 Qc7 7.Qg4 f5 8.Qh5+ g6
9.Qd1 Bd7 10.Bd2 Ba4 11.Bd3 Nc6 12.Nf3 O-O-O 13.Rb1 c4 14.Be2 h6 15.h4 Qg7
16.Rh3 Nge7 17.Qc1 Rdg8 18.Qb2 b6 19.Bf4 Nd8 20.Kd2 Nec6 21.Rbh1 Nf7 22.
Qc1 Qf8 23.Ke1 Kb7 24.Kf1 a5 25.g3 1/2-1/2

[Event "53rd POL-ch"]
[Site "Brzeg Dolny POL"]
[Date "1996.03.??"]
[Round "2"]
[White "Markowski, Tomasz"]
[Black "Kempinski, Robert"]
[Result "1/2-1/2"]
[WhiteElo "2535"]
[BlackElo "2475"]
[EventDate "1996.03.09"]
[PlyCount "77"]

1.Nf3 Nf6 2.g3 d5 3.Bg2 g6 4.c4 Bg7 5.cxd5 O-O 6.O-O Qxd5 7.Nc3 Qh5 8.d4 
c5 9.dxc5 Nc6 10.Qa4 Qxc5 11.Be3 Qh5 12.Rfd1 h6 13.Qb5 e5 14.Nd5 a6 15.Qb6
Rb8 16.Nxf6+ Bxf6 17.Bc5 Re8 18.Bd6 Ra8 19.Rd5 Qg4 20.Rad1 e4 21.h3 Qe6 
22.Nh2 Ne7 23.R5d2 Nf5 24.Ng4 Bg7 25.Bc5 Qxb6 26.Bxb6 h5 27.Ne3 Nxe3 28.
Bxe3 Bf5 29.Bd4 Bh6 30.e3 Rac8 31.Bf6 Bg7 32.Bxg7 Kxg7 33.Bf1 Be6 34.b3 
Rc3 35.Rd4 Rc2 36.Rxe4 Rxa2 37.Bc4 b5 38.Bxe6 Rxe6 39.Rxe6 1/2-1/2

[Event "53rd POL-ch"]
[Site "Brzeg Dolny POL"]
[Date "1996.03.??"]
[Round "2"]
[White "Oliwa, Marek"]
[Black "Kuczynski, Robert"]
[Result "0-1"]
[WhiteElo "2440"]
[BlackElo "2495"]
[EventDate "1996.03.09"]
[PlyCount "91"]

1.d4 d5 2.Nf3 c6 3.Nc3 Bf5 4.Bg5 h6 5.Bh4 Qb6 6.Rb1 Nd7 7.e3 e6 8.Bd3 Bxd3
9.Qxd3 Be7 10.Bxe7 Nxe7 11.O-O O-O 12.Na4 Qa5 13.Qa3 Rfe8 14.b4 Qc7 15.Nc5
Ng6 16.Qc3 b6 17.Nxd7 Qxd7 18.a4 Rac8 19.Qb3 e5 20.dxe5 Nxe5 21.Nxe5 Rxe5 
22.c4 dxc4 23.Qxc4 Rd5 24.Rbc1 c5 25.b5 Rd8 26.Qf4 Qd6 27.Qe4 h5 28.g3 Qe5
29.Qf3 Rd2 30.Rcd1 Rxd1 31.Rxd1 Rxd1+ 32.Qxd1 g6 33.a5 bxa5 34.Qd8+ Kg7 
35.Qxa5 Qb2 36.Qxa7 Qxb5 37.Qa1+ Kg8 38.Qf6 c4 39.Qd8+ Kg7 40.Qd4+ Kh7 41.
Qf6 Kg8 42.Qc3 Qb1+ 43.Kg2 Qb3 44.Qc1 c3 45.e4 c2 46.e5 0-1

[Event "53rd POL-ch"]
[Site "Brzeg Dolny POL"]
[Date "1996.03.??"]
[Round "2"]
[White "Pedzich, Dominik"]
[Black "Czerwonski, Aleksander"]
[Result "1-0"]
[WhiteElo "2425"]
[BlackElo "2400"]
[EventDate "1996.03.09"]
[PlyCount "79"]

1.e4 e5 2.Nf3 Nc6 3.Nc3 Nf6 4.Bb5 d6 5.d4 exd4 6.Nxd4 Bd7 7.O-O Nxd4 8.
Qxd4 Bxb5 9.Nxb5 a6 10.e5 axb5 11.exf6 Qxf6 12.Qe4+ Be7 13.Qxb7 O-O 14.Re1
Rfc8 15.Qxb5 c6 16.Qd3 d5 17.c3 Rcb8 18.Re2 Rd8 19.Bf4 Qxf4 20.Rxe7 c5 21.
Rae1 g6 22.g3 Qf6 23.a3 c4 24.Qe3 Rab8 25.Re2 Kg7 26.Qa7 Ra8 27.Qe3 Rab8 
28.Rc7 d4 29.cxd4 Rxd4 30.Qe7 Qf3 31.Qe5+ Kg8 32.Qxd4 Qxe2 33.Rxc4 h5 34.
Rc7 Qf3 35.Rc3 Qf5 36.b4 Rb7 37.Kg2 Kh7 38.Rf3 Qe6 39.Re3 Qc6+ 40.Qe4 1-0

[Event "53rd POL-ch"]
[Site "Brzeg Dolny POL"]
[Date "1996.03.??"]
[Round "3"]
[White "Gdanski, Jacek"]
[Black "Oliwa, Marek"]
[Result "1-0"]
[WhiteElo "2480"]
[BlackElo "2440"]
[EventDate "1996.03.09"]
[PlyCount "51"]

1.e4 e5 2.Nf3 Nc6 3.Bb5 Nd4 4.Nxd4 exd4 5.O-O c6 6.Ba4 Bc5 7.d3 Ne7 8.f4 
d5 9.f5 Qc7 10.Bf4 Bd6 11.Bxd6 Qxd6 12.Nd2 Bd7 13.Bb3 O-O-O 14.Qf3 f6 15.
Rae1 c5 16.Bxd5 Nxd5 17.Nc4 Qc7 18.exd5 b5 19.Nd2 Qd6 20.a4 a6 21.axb5 
axb5 22.Ra1 Kb8 23.Ra5 Qe5 24.Rfa1 Bc8 25.Rxb5+ Bb7 26.Rxb7+ 1-0

[Event "53rd POL-ch"]
[Site "Brzeg Dolny POL"]
[Date "1996.03.??"]
[Round "3"]
[White "Kuczynski, Robert"]
[Black "Pedzich, Dominik"]
[Result "1/2-1/2"]
[WhiteElo "2495"]
[BlackElo "2425"]
[EventDate "1996.03.09"]
[PlyCount "22"]

1.e4 e5 2.Nf3 d6 3.d4 Nc6 4.Bb5 exd4 5.Qxd4 Bd7 6.Bxc6 bxc6 7.c4 c5 8.Qd3 
Ne7 9.Nc3 Nc6 10.h3 Be7 11.O-O O-O 1/2-1/2

[Event "53rd POL-ch"]
[Site "Brzeg Dolny POL"]
[Date "1996.03.??"]
[Round "3"]
[White "Socko, Bartosz"]
[Black "Kaminski, Marcin"]
[Result "1-0"]
[WhiteElo "2455"]
[BlackElo "2525"]
[EventDate "1996.03.09"]
[PlyCount "97"]

1.e4 d5 2.exd5 Nf6 3.d4 Nxd5 4.Nf3 Bf5 5.Be2 e6 6.O-O Be7 7.a3 O-O 8.c4 
Nb6 9.Nc3 Nc6 10.b4 Bf6 11.Be3 Qe7 12.Qb3 Rfd8 13.Rad1 a5 14.b5 a4 15.Qa2 
Na5 16.Ne5 Bxe5 17.dxe5 Nd7 18.f4 Nc5 19.Kh1 h6 20.Rxd8+ Rxd8 21.Rd1 Rxd1+
22.Bxd1 Bd3 23.Qd2 Bg6 24.Nxa4 Nxa4 25.Qxa5 Nb2 26.Be2 Bd3 27.Bxd3 Nxd3 
28.Qc3 Qd7 29.Qd2 b6 30.Kg1 Nc5 31.Qxd7 Nxd7 32.a4 Kf8 33.c5 Ke8 34.cxb6 
cxb6 35.Kf2 Kd8 36.Kf3 h5 37.Kg3 g6 38.Kh4 Ke7 39.Bd4 Ke8 40.Be3 Kd8 41.
Kg5 Nc5 42.a5 Ne4+ 43.Kh6 bxa5 44.Kg7 a4 45.Kxf7 Nc3 46.Kxe6 a3 47.Bc1 
Nxb5 48.Kf7 a2 49.Bb2 1-0

[Event "53rd POL-ch"]
[Site "Brzeg Dolny POL"]
[Date "1996.03.??"]
[Round "4"]
[White "Czerwonski, Aleksander"]
[Black "Kuczynski, Robert"]
[Result "0-1"]
[WhiteElo "2400"]
[BlackElo "2495"]
[EventDate "1996.03.09"]
[PlyCount "68"]

1.d4 d5 2.c4 c6 3.Nf3 Nf6 4.Nc3 e6 5.Bg5 h6 6.Bxf6 Qxf6 7.e3 Nd7 8.Bd3 
dxc4 9.Bxc4 g6 10.O-O Bg7 11.Qc2 O-O 12.Bb3 Qe7 13.Rac1 b6 14.e4 Bb7 15.e5
Rac8 16.Ne4 c5 17.Nd6 Bxf3 18.gxf3 Rcd8 19.f4 cxd4 20.Qe4 Qh4 21.Rc7 Nc5 
22.Qf3 g5 23.Rxa7 Qxf4 24.Qxf4 gxf4 25.Nc4 b5 26.Na5 Rc8 27.Kg2 Bxe5 28.
Kf3 Kg7 29.Bd1 Bb8 30.Ra8 e5 31.b4 e4+ 32.Kg4 Nd3 33.Be2 Nxb4 34.Bxb5 Rc5 
0-1

[Event "53rd POL-ch"]
[Site "Brzeg Dolny POL"]
[Date "1996.03.??"]
[Round "4"]
[White "Grabarczyk, Miroslaw"]
[Black "Matlak, Marek"]
[Result "1-0"]
[WhiteElo "2505"]
[BlackElo "2450"]
[EventDate "1996.03.09"]
[PlyCount "156"]

1.d4 d5 2.c4 e6 3.Nf3 c6 4.Nbd2 f5 5.g3 Nf6 6.Bg2 Bd6 7.Ne5 O-O 8.O-O b6 
9.b3 Bb7 10.cxd5 cxd5 11.Ndc4 Be7 12.Ba3 Nc6 13.Nxc6 Bxc6 14.Bxe7 Qxe7 15.
Ne5 Rfc8 16.Qd2 Rc7 17.a4 Rac8 18.Rfc1 Bb7 19.Bf3 Nd7 20.Rxc7 Rxc7 21.Nd3 
a5 22.h4 Qd6 23.Rb1 Bc8 24.Rc1 Nf6 25.Qe3 Bd7 26.Ne5 Be8 27.g4 fxg4 28.
Rxc7 Qxc7 29.Bxg4 Qd6 30.Bh3 Nd7 31.Qc3 Kf8 32.Qf3+ Kg8 33.Qe3 Bf7 34.Nd3 
Kf8 35.Qc1 h6 36.Qc8+ Be8 37.e3 Ke7 38.Nf4 Bf7 39.Qh8 Kf6 40.Qd8+ Qe7 41.
Qc7 g5 42.hxg5+ hxg5 43.Nxd5+ exd5 44.Bxd7 Kg7 45.Qc8 Qb4 46.Qd8 Kg6 47.
Bb5 Qxb3 48.Qxb6+ Kg7 49.Qxa5 Qd1+ 50.Kg2 Qg4+ 51.Kf1 Qd1+ 52.Qe1 Qf3 53.
Qd2 Qh1+ 54.Ke2 Bh5+ 55.Kd3 Qa1 56.e4 Qa3+ 57.Qc3 dxe4+ 58.Kd2 Qa2+ 59.Qc2
Qf7 60.Qxe4 Qxf2+ 61.Kc3 Bg6 62.Qe5+ Kh6 63.Bd7 Qf3+ 64.Kb4 g4 65.Kc5 Be4 
66.Qh8+ Bh7 67.Bc6 Qc3+ 68.Kd6 Qb4+ 69.Kd7 g3 70.Qe5 Bg6 71.a5 Qa3 72.Kc7 
Qa1 73.Kd8 Kh7 74.Bb7 Kh6 75.Kc7 Kh7 76.Kb8 Kh6 77.Ka7 Qb2 78.Qf6 g2 1-0

[Event "53rd POL-ch"]
[Site "Brzeg Dolny POL"]
[Date "1996.03.??"]
[Round "4"]
[White "Kaminski, Marcin"]
[Black "Kempinski, Robert"]
[Result "1/2-1/2"]
[WhiteElo "2525"]
[BlackElo "2475"]
[EventDate "1996.03.09"]
[PlyCount "54"]

1.e4 c5 2.Nf3 d6 3.d4 cxd4 4.Nxd4 Nf6 5.Nc3 a6 6.Bc4 e6 7.O-O b5 8.Bb3 Be7
9.Be3 O-O 10.f4 Qc7 11.a3 Nc6 12.f5 Nxd4 13.Bxd4 e5 14.Be3 Bb7 15.Bg5 Nxe4
16.Nxe4 Bxe4 17.f6 Bxf6 18.Bxf6 gxf6 19.Qg4+ Bg6 20.Rxf6 Kh8 21.Raf1 d5 
22.R1f2 e4 23.Bxd5 e3 24.Re2 Qe5 25.Rxg6 fxg6 26.Bxa8 Rxa8 27.Qg3 Qxb2 
1/2-1/2

[Event "53rd POL-ch"]
[Site "Brzeg Dolny POL"]
[Date "1996.03.??"]
[Round "4"]
[White "Oliwa, Marek"]
[Black "Grabarczyk, Bogdan"]
[Result "1-0"]
[WhiteElo "2440"]
[BlackElo "2420"]
[EventDate "1996.03.09"]
[PlyCount "85"]

1.d4 f5 2.Nc3 Nf6 3.Bg5 d5 4.f3 Nc6 5.e4 fxe4 6.fxe4 dxe4 7.d5 Ne5 8.Qd4 
Nf7 9.Bxf6 exf6 10.Qxe4+ Qe7 11.O-O-O Qxe4 12.Nxe4 Bd7 13.Nf3 O-O-O 14.Nd4
f5 15.Nc3 Bb4 16.Nce2 Ng5 17.Nf4 Rhe8 18.Bd3 g6 19.c4 Bc5 20.Bc2 c6 21.Kb1
cxd5 22.cxd5 Bxd4 23.Rxd4 Nf7 24.h4 Kc7 25.d6+ Nxd6 26.Nd5+ Kb8 27.Nf6 Re6
28.Nxh7 Bc6 29.Ng5 Re2 30.Rhd1 Kc7 31.Bb3 Be4+ 32.Ka1 Bxg2 33.Ne6+ Rxe6 
34.Bxe6 Bf3 35.R1d3 Be4 36.Rc3+ Bc6 37.Rcd3 Be4 38.Rd1 Bf3 39.Rg1 Rh8 40.
Rxg6 Be4 41.b4 Nb5 42.Rd7+ Kb6 43.Bd5+ 1-0

[Event "53rd POL-ch"]
[Site "Brzeg Dolny POL"]
[Date "1996.03.??"]
[Round "4"]
[White "Pedzich, Dominik"]
[Black "Gdanski, Jacek"]
[Result "1/2-1/2"]
[WhiteElo "2425"]
[BlackElo "2480"]
[EventDate "1996.03.09"]
[PlyCount "95"]

1.e4 e6 2.d4 d5 3.Nc3 Nf6 4.Bg5 Be7 5.e5 Nfd7 6.Bxe7 Qxe7 7.Bd3 a6 8.Qg4 
f5 9.Qh5+ g6 10.Qh6 c5 11.f4 cxd4 12.Nce2 Nc6 13.Nf3 Nc5 14.O-O Bd7 15.a3 
Qf8 16.Qxf8+ Kxf8 17.Nexd4 Nxd4 18.Nxd4 Ke7 19.h4 h6 20.Kf2 g5 21.hxg5 
hxg5 22.fxg5 Rh4 23.Nf3 Rg4 24.Rh1 Rg8 25.Rh7+ Ke8 26.Rah1 Ne4+ 27.Ke3 
Nxg5 28.Rh8 Nf7 29.Rxg8+ Rxg8 30.Kf2 Rg4 31.g3 Ke7 32.Rh7 Kf8 33.Rh4 Ke7 
34.Rh7 Bc6 35.c3 Kf8 36.Rh4 Rg7 37.Be2 Ke7 38.Bd1 Bb5 39.Bc2 a5 40.a4 Bd7 
41.Bd3 Rg4 42.b3 Rg7 43.Be2 Bc6 44.Bd1 Bd7 45.Be2 b6 46.Rh1 Rg4 47.Rh7 Kf8
48.Nd4 1/2-1/2

[Event "53rd POL-ch"]
[Site "Brzeg Dolny POL"]
[Date "1996.03.??"]
[Round "5"]
[White "Gdanski, Jacek"]
[Black "Czerwonski, Aleksander"]
[Result "1-0"]
[WhiteElo "2480"]
[BlackElo "2400"]
[EventDate "1996.03.09"]
[PlyCount "81"]

1.e4 d6 2.d4 Nf6 3.Nc3 g6 4.f4 Bg7 5.Nf3 O-O 6.Be2 c5 7.dxc5 Qa5 8.O-O 
Qxc5+ 9.Kh1 Bg4 10.Bd3 Nc6 11.Qe1 Bxf3 12.Rxf3 Nd4 13.Rf1 e5 14.Qh4 Qb6 
15.f5 gxf5 16.Bg5 d5 17.Bxf6 Qxf6 18.Qxf6 Bxf6 19.Nxd5 Bg5 20.exf5 Rfd8 
21.Nc3 Rac8 22.Ne4 Be7 23.Rad1 f6 24.c3 Nc6 25.Bc4+ Kf8 26.Bd5 Na5 27.Be6 
Rb8 28.g3 b5 29.b4 Nc6 30.Kg2 Rb6 31.g4 h6 32.h4 Ra6 33.Bb3 Ke8 34.g5 hxg5
35.hxg5 fxg5 36.f6 Bf8 37.Nxg5 Rxd1 38.Bf7+ Kd8 39.Rxd1+ Kc8 40.Be6+ Kb8 
41.Nh7 1-0

[Event "53rd POL-ch"]
[Site "Brzeg Dolny POL"]
[Date "1996.03.??"]
[Round "5"]
[White "Grabarczyk, Bogdan"]
[Black "Pedzich, Dominik"]
[Result "1-0"]
[WhiteElo "2420"]
[BlackElo "2425"]
[EventDate "1996.03.09"]
[PlyCount "63"]

1.e4 c5 2.Nf3 e6 3.d4 cxd4 4.Nxd4 Nf6 5.Nc3 d6 6.g4 Nc6 7.g5 Nd7 8.h4 Be7 
9.Be3 a6 10.Qh5 O-O 11.O-O-O Nxd4 12.Bxd4 b5 13.e5 dxe5 14.Bxe5 g6 15.Qe2 
Bb7 16.Rh3 Qc8 17.Bd4 Qc7 18.Kb1 Rfe8 19.h5 e5 20.hxg6 fxg6 21.Be3 Rad8 
22.Nd5 Bxd5 23.Rxd5 Nf8 24.Rxd8 Rxd8 25.a4 Qa5 26.axb5 axb5 27.c3 Qa4 28.
Bc1 b4 29.Qe4 Qa5 30.cxb4 Bxb4 31.Bc4+ Kh8 32.Qf3 1-0

[Event "53rd POL-ch"]
[Site "Brzeg Dolny POL"]
[Date "1996.03.??"]
[Round "5"]
[White "Markowski, Tomasz"]
[Black "Bobras, Piotr"]
[Result "1/2-1/2"]
[WhiteElo "2535"]
[BlackElo "2355"]
[EventDate "1996.03.09"]
[PlyCount "120"]

1.Nf3 Nf6 2.g3 d5 3.Bg2 c6 4.O-O Bg4 5.d3 Nbd7 6.c4 e6 7.cxd5 exd5 8.h3 
Bxf3 9.Bxf3 Bd6 10.e4 O-O 11.Nc3 dxe4 12.dxe4 Ne5 13.Bg2 Bc5 14.Qe2 Qd3 
15.Qxd3 Nxd3 16.Bg5 h6 17.Bxf6 gxf6 18.Na4 Be7 19.Rfd1 Rfd8 20.Bf1 b5 21.
Bxd3 bxa4 22.Bc2 a3 23.bxa3 Bxa3 24.Rab1 Rxd1+ 25.Rxd1 Re8 26.Rd7 Re7 27.
Rd8+ Kg7 28.Rc8 Rd7 29.Rxc6 Rd2 30.Kf1 Bb4 31.Bb3 Ba5 32.a4 Bb6 33.Ke1 Ba5
34.Kf1 Bb6 35.Rc2 Rxc2 36.Bxc2 Bc5 37.Ke2 Bb6 38.f4 Bd4 39.Bb3 Bb6 40.Bc4 
Ba5 41.Bd5 Bb4 42.Kd3 Be1 43.g4 Bg3 44.f5 Kf8 45.Kc4 Ke7 46.Kc5 Bf2+ 47.
Kc6 Be1 48.Kb7 Bf2 49.a5 Bd4 50.Kc6 Bc3 51.a6 Bd4 52.Kb5 Be5 53.Bb3 Bg3 
54.Kc6 Be5 55.Kb7 Bd4 56.Bd5 Bf2 57.h4 Bd4 58.h5 Be3 59.Kc6 Bf4 60.Bb3 Bg5
1/2-1/2

[Event "53rd POL-ch"]
[Site "Brzeg Dolny POL"]
[Date "1996.03.??"]
[Round "5"]
[White "Socko, Bartosz"]
[Black "Grabarczyk, Miroslaw"]
[Result "1/2-1/2"]
[WhiteElo "2455"]
[BlackElo "2505"]
[EventDate "1996.03.09"]
[PlyCount "35"]

1.e4 c6 2.d4 d5 3.Nd2 dxe4 4.Nxe4 Bf5 5.Ng3 Bg6 6.Nh3 Nf6 7.Bc4 e6 8.Nf4 
Bd6 9.h4 Bxf4 10.Bxf4 h6 11.Qe2 Nbd7 12.O-O-O Nd5 13.Bd2 Qc7 14.h5 Bh7 15.
Rh4 N7f6 16.Bb3 b5 17.a3 a6 18.Qe5 1/2-1/2

[Event "53rd POL-ch"]
[Site "Brzeg Dolny POL"]
[Date "1996.03.??"]
[Round "6"]
[White "Czerwonski, Aleksander"]
[Black "Grabarczyk, Bogdan"]
[Result "1/2-1/2"]
[WhiteElo "2400"]
[BlackElo "2420"]
[EventDate "1996.03.09"]
[PlyCount "20"]

1.d4 f5 2.g3 Nf6 3.Bg2 g6 4.c3 Bg7 5.Qb3 Na6 6.Nh3 c5 7.Na3 cxd4 8.cxd4 
Ne4 9.O-O d5 10.Nb5 O-O 1/2-1/2

[Event "53rd POL-ch"]
[Site "Brzeg Dolny POL"]
[Date "1996.03.??"]
[Round "6"]
[White "Oliwa, Marek"]
[Black "Socko, Bartosz"]
[Result "0-1"]
[WhiteElo "2440"]
[BlackElo "2455"]
[EventDate "1996.03.09"]
[PlyCount "73"]

1.d4 Nf6 2.Nf3 g6 3.Bg5 Bg7 4.Nbd2 d5 5.e3 c5 6.c3 O-O 7.Be2 Nc6 8.dxc5 a5
9.O-O Nd7 10.e4 Nxc5 11.exd5 Qxd5 12.Bc4 Qd6 13.Qe2 Bf5 14.Rfe1 e5 15.Rad1
Qc7 16.Qe3 Na4 17.b3 Nb2 18.Rc1 Nxc4 19.Nxc4 f6 20.Bh6 Rad8 21.Bxg7 Kxg7 
22.Qc5 Rf7 23.Rcd1 Rfd7 24.Rxd7+ Rxd7 25.h3 Qd8 26.Qb5 Kh8 27.Kh2 Be6 28.
Re3 Qc7 29.Qc5 Kg7 30.g3 Rd5 31.Qb6 Qd7 32.g4 Ne7 33.g5 Nc8 34.gxf6+ Kxf6 
35.Nfxe5 Nxb6 36.Rf3+ Kg7 37.Nxb6 0-1

[Event "53rd POL-ch"]
[Site "Brzeg Dolny POL"]
[Date "1996.03.??"]
[Round "6"]
[White "Pedzich, Dominik"]
[Black "Matlak, Marek"]
[Result "1/2-1/2"]
[WhiteElo "2425"]
[BlackElo "2450"]
[EventDate "1996.03.09"]
[PlyCount "121"]

1.e4 e6 2.d4 d5 3.Nc3 Bb4 4.e5 c5 5.a3 Bxc3+ 6.bxc3 Qc7 7.Qg4 f5 8.Qh5+ g6
9.Qd1 Bd7 10.Nf3 Ba4 11.Rb1 c4 12.g4 fxg4 13.Ng5 Qc6 14.h3 g3 15.fxg3 h6 
16.Nf3 Na6 17.Bg2 O-O-O 18.O-O Rf8 19.Ng5 Rxf1+ 20.Qxf1 hxg5 21.Qf8+ Qe8 
22.Qg7 Ne7 23.Bxg5 Bxc2 24.Rb2 Bb3 25.Bxe7 Rg8 26.Qf6 Nc7 27.Rf2 Kd7 28.
Bb4 b6 29.h4 g5 30.hxg5 Rg6 31.Qf7+ Qxf7 32.Rxf7+ Kc6 33.Be7 Nb5 34.Rf6 
Bc2 35.Bh3 Kd7 36.Bb4 Rxf6 37.gxf6 Bg6 38.Bg4 a5 39.Bf8 Nxc3 40.Kf2 b5 41.
Ke3 Na2 42.Kf4 b4 43.axb4 axb4 44.Kg5 Bf7 45.Kh6 b3 46.Ba3 Ke8 47.Kg7 Nc3 
48.Bh5 Bxh5 49.g4 Bf7 50.g5 Nb5 51.g6 Bxg6 52.Kxg6 Nxa3 53.Kg7 b2 54.f7+ 
Kd7 55.f8=Q b1=Q 56.Qd6+ Kc8 57.Qc6+ Kb8 58.Qd6+ Kc8 59.Qc6+ Kb8 60.Qd6+ 
Kc8 61.Qc6+ 1/2-1/2

[Event "53rd POL-ch"]
[Site "Brzeg Dolny POL"]
[Date "1996.03.??"]
[Round "7"]
[White "Bobras, Piotr"]
[Black "Kaminski, Marcin"]
[Result "1/2-1/2"]
[WhiteElo "2355"]
[BlackElo "2525"]
[EventDate "1996.03.09"]
[PlyCount "32"]

1.e4 c5 2.Nf3 d6 3.d4 cxd4 4.Nxd4 Nf6 5.Nc3 a6 6.Be2 e6 7.O-O Be7 8.f4 Qc7
9.g4 b5 10.g5 Nfd7 11.f5 Ne5 12.fxe6 fxe6 13.Bg4 Qc4 14.Be2 Qc7 15.Bg4 Qc4
16.Be2 Qc7 1/2-1/2

[Event "53rd POL-ch"]
[Site "Brzeg Dolny POL"]
[Date "1996.03.??"]
[Round "7"]
[White "Kempinski, Robert"]
[Black "Oliwa, Marek"]
[Result "0-1"]
[WhiteElo "2475"]
[BlackElo "2440"]
[EventDate "1996.03.09"]
[PlyCount "98"]

1.d4 Nf6 2.c4 c5 3.d5 g6 4.Nc3 d6 5.e4 Bg7 6.f3 O-O 7.Bg5 h6 8.Be3 e6 9.
Qd2 exd5 10.cxd5 Re8 11.a4 h5 12.Nge2 Nbd7 13.Nc1 Nh7 14.Be2 f5 15.exf5 
gxf5 16.Nd3 Qe7 17.Bf2 Nb6 18.O-O Bxc3 19.Qxc3 Nxd5 20.Qc4 Be6 21.Rfe1 Qg5
22.f4 Qg7 23.Bf3 Ne3 24.Qb5 Nc2 25.Rxe6 Rxe6 26.Qc4 Nd4 27.Bxd4 Qxd4+ 28.
Qxd4 cxd4 29.Bxb7 Rae8 30.Bd5 Nf6 31.Bxe6+ Rxe6 32.Re1 Kf7 33.Rxe6 Kxe6 
34.Nb4 Nd5 35.Nd3 Ne3 36.b3 Kd5 37.Kf2 Ke4 38.Nb4 d3 39.Ke1 Nxg2+ 40.Kd2 
Nxf4 41.a5 h4 42.Nc6 a6 43.Nb4 Ne6 44.Nxa6 Nd4 45.Nb4 Nxb3+ 46.Kc3 Nxa5 
47.Nxd3 f4 48.Nf2+ Ke3 49.Ng4+ Ke2 0-1

[Event "53rd POL-ch"]
[Site "Brzeg Dolny POL"]
[Date "1996.03.??"]
[Round "7"]
[White "Matlak, Marek"]
[Black "Czerwonski, Aleksander"]
[Result "1/2-1/2"]
[WhiteElo "2450"]
[BlackElo "2400"]
[EventDate "1996.03.09"]
[PlyCount "83"]

1.d4 c5 2.d5 e5 3.e4 d6 4.Bb5+ Nd7 5.a4 Be7 6.Nf3 Nf6 7.Nc3 O-O 8.O-O Ne8 
9.Nd2 Bg5 10.a5 a6 11.Bd3 b5 12.axb6 Nxb6 13.Nc4 Bxc1 14.Qxc1 Nxc4 15.Bxc4
Nc7 16.Qd2 Rb8 17.b3 Qe7 18.Bd3 g6 19.Na4 Bd7 20.Rfb1 Rb4 21.Nc3 Rb6 22.f3
Kg7 23.Na4 Rb4 24.Nb2 Rfb8 25.Re1 R4b6 26.Nc4 Rb4 27.f4 f6 28.Rf1 exf4 29.
Qxf4 Bb5 30.Nxd6 Bxd3 31.cxd3 Nxd5 32.Qg3 Ne3 33.Rf3 R4b6 34.Rxe3 Qxd6 35.
Kf2 Qxg3+ 36.Rxg3 Rxb3 37.Rxa6 Rd8 38.Ra7+ Kg8 39.Rc7 Rbxd3 40.Rxd3 Rxd3 
41.Rxc5 Ra3 42.Rc7 1/2-1/2